<?xml version="1.0" encoding="UTF-8"?>
<marc:record xmlns:marc="http://www.loc.gov/MARC21/slim">
   <marc:leader>00000nam a2200000 a 4500</marc:leader>
   <marc:datafield ind1="1" ind2=" " tag="100">
      <marc:subfield code="a">Münzer, Hanni</marc:subfield>
      <marc:subfield code="4">aut</marc:subfield>
      <marc:subfield code="e">Verfasser/-in</marc:subfield>
   </marc:datafield>
   <marc:datafield ind1=" " ind2=" " tag="653">
      <marc:subfield code="a">Fiktionale Darstellung</marc:subfield>
   </marc:datafield>
   <marc:datafield ind1=" " ind2=" " tag="653">
      <marc:subfield code="a">Erzählende Literatur</marc:subfield>
   </marc:datafield>
   <marc:datafield ind1="0" ind2="0" tag="245">
      <marc:subfield code="a">Als die Sehnsucht uns Flügel verlieh</marc:subfield>
   </marc:datafield>
   <marc:datafield ind1="0" ind2="0" tag="245">
      <marc:subfield code="b">Roman</marc:subfield>
   </marc:datafield>
   <marc:datafield ind1="0" ind2="0" tag="245">
      <marc:subfield code="c">Münzer, Hanni</marc:subfield>
   </marc:datafield>
   <marc:datafield ind1=" " ind2="1" tag="264">
      <marc:subfield code="a">München</marc:subfield>
      <marc:subfield code="b">Piper</marc:subfield>
   </marc:datafield>
   <marc:datafield ind1="1" ind2=" " tag="490">
      <marc:subfield code="a">Die Heimat-Saga / Hanni Münzer</marc:subfield>
      <marc:subfield code="v">Band 2</marc:subfield>
   </marc:datafield>
   <marc:datafield ind1=" " ind2=" " tag="250">
      <marc:subfield code="a">Ungekürzte Taschenbuchausgabe</marc:subfield>
   </marc:datafield>
   <marc:datafield ind1="1" ind2=" " tag="520">
      <marc:subfield code="a">»Kathi und Franzi werden Ihr Herz brechen. Und es wieder reparieren.« Hanni Münzer über »Als die Sehnsucht uns Flügel verlieh«  
Wenn das Kriegsende zum aufwühlenden Anfang wird: ein großer historischer Roman über die Suche nach einem Ort zum Wurzelnschlagen 
Hanni Münzer begibt sich in der Fortsetzung ihrer Heimat-Saga erneut auf eine Zeitreise und erzählt eine mitreißende Geschichte über Heimatverlust, Frauenemanzipation und den Wettlauf ins All. 
Im Mai 1945 werden das junge Mathematikgenie Kathi Sadler und ihre Schwester Franzi nach Moskau verschleppt. Kathi soll den sowjetischen Machthabern bei der Entwicklung ihres Raumfahrtprogramms helfen, Franzi dient dabei als Druckmittel. Über Jahrzehnte kämpft Kathi gegen den Schmerz der Entwurzelung, für eine Gefühl von Heimat und um einen Funken Hoffnung in dunklen Zeiten.  
Münzers schillerndes Erzähltalent verleiht ihrem historischen Epos einen mitreißenden Sog, der Geschichte und Gefühl zu einem wunderbaren Schmöker vereint. 
Hanni Münzers Heimat-Saga – der fesselnde Generationenroman der Bestsellerautorin von »Honigtot«
Familie, Heimat und Gefühl sind Hanni Münzers Herzensthemen. Schon über eine halbe Million Exemplare ihrer packenden Romanserien haben ihren Weg auf die Bücherstapel begeisterter Leser gefunden, die sich mit Haut und Haar auf ergreifende Schicksale einlassen wollen. 
Die aufwühlende Fortsetzung des SPIEGEL-Bestsellers »Heimat ist ein Sehnsuchtsort«
»Es geht um Liebe und Leidenschaft, um Historie, um Menschen, Geheimnisse, Hoffnung, Leid und Glück. Es ist wohl genau diese Mixtur, die Münzers Werke zu Bestsellern macht.« Fürther Nachrichten  </marc:subfield>
   </marc:datafield>
   <marc:datafield ind1=" " ind2=" " tag="020">
      <marc:subfield code="a">9783492317436</marc:subfield>
      <marc:subfield code="9">9783492317436</marc:subfield>
   </marc:datafield>
   <marc:datafield ind1=" " ind2=" " tag="020">
      <marc:subfield code="a">349231743X</marc:subfield>
      <marc:subfield code="9">349231743X</marc:subfield>
   </marc:datafield>
   <marc:datafield ind1=" " ind2=" " tag="041">
      <marc:subfield code="a">ger</marc:subfield>
   </marc:datafield>
   <marc:datafield ind1="0" ind2=" " tag="490">
      <marc:subfield code="v">Band 2</marc:subfield>
   </marc:datafield>
   <marc:datafield ind1=" " ind2=" " tag="338">
      <marc:subfield code="a">Band</marc:subfield>
   </marc:datafield>
   <marc:datafield ind1=" " ind2=" " tag="300">
      <marc:subfield code="a">588 Seiten</marc:subfield>
   </marc:datafield>
</marc:record>
